[Event "USA-CHN Summit"]
[Site "Seattle"]
[Date "2001.03.15"]
[Round "2.10"]
[White "Ni, Hua"]
[Black "Nakamura, Hikaru"]
[Result "1-0"]
[WhiteElo "2534"]
[BlackElo "2364"]
[Annotator "Ftacnik,L"]
[PlyCount "91"]
[EventDate "2001.03.14"]
[EventType "team"]
[EventRounds "4"]
[EventCountry "USA"]
[SourceTitle "CBM 082"]
[Source "ChessBase"]
[SourceDate "2001.05.17"]
[SourceVersion "1"]
[SourceVersionDate "2001.05.17"]
[SourceQuality "1"]
[WhiteTeam "China"]
[BlackTeam "US of America"]
[WhiteTeamCountry "CHN"]
[BlackTeamCountry "USA"]

1. e4 {[%mdl 1]} c5 2. Nf3 d6 3. d4 cxd4 4. Nxd4 Nf6 5. Nc3 a6 6. Be3 e6 7. f3
b5 8. g4 h6 9. Qd2 Bb7 10. O-O-O Nbd7 11. h4 b4 12. Na4 Qa5 13. b3 Nc5 14. a3
Nxa4 15. axb4 Qc7 16. bxa4 d5 17. e5 Nd7 18. f4 Nb6 19. f5 Nxa4 20. fxe6 Nc3
21. exf7+ Kxf7 22. Bd3 Bxb4 23. Qf2+ Kg8 24. Rdf1 Ba3+ 25. Kd2 Ne4+ (25... Bb4
26. Qf5 Ne4+ (26... Re8 27. e6 Ne4+ 28. Kd1 Qg3 29. Qf7+ Kh7 30. Rf3 Qb8 31.
Rf6 {1-0 Zulfugaryi,M-Cvitan,O/Batumi/1999/ (31)}) 27. Kd1 Rf8 (27... Qe7 28.
e6 Ng3 29. Qg6 Nxf1 30. Rxf1 Rf8 31. Nf5 Qf6 32. Nxh6+ {1-0 David,A-Kocic,S/
Lisbon/2000/ (37)}) 28. Qe6+ Kh7 29. g5 Rhg8 30. gxh6 g6 31. h5 {1-0 Grischuk,
A-Ibrahimov,R/Batumi/1999/ (35)}) 26. Bxe4 dxe4 27. g5 $1 (27. Qf5 Bb4+ 28. Kd1
Qc4 29. Ne6 Qd5+ 30. Ke2 (30. Bd4 Qd7 31. Ke2 Bd5 32. Nxg7 Bc4+ 33. Ke3 Bd2+ {
0-1 Potkin,V-Vorobiov,E/Moscow/2000/ (33)}) 30... Qc4+ 31. Kd1 Qd5+ 32. Ke2
Qc4+ {1/2-1/2 Anand,V-Gelfand,B/Shenyang/2000/ (32)}) 27... Rc8 (27... Bd5 $6
28. gxh6 Bb2 29. Rb1 $2 (29. Kd1 $142 $1 Qa5 30. Qf4 Rxh6 (30... Qa1+ 31. Ke2
Bc4+ 32. Kf2 Bxf1 33. hxg7 Rh7 34. Qxe4 $18) 31. Nf5 Rh5 32. Rfg1 Kh8 33. Rg5
Rh7 34. Rxg7 $1 $18) 29... Bc3+ 30. Kc1 Bxd4 31. Bxd4 e3 {1/2-1/2 Shirov,
A-Anand,V/Sydney exh/2000/ (39)}) 28. Qf5 Qc3+ {Black is losing the way in a
sharp modern line, the queen belongs to the a2-g8 diagonal.} (28... Qc4 $5 29.
Qd7 (29. e6 $2 Rf8 30. Qh3 Rd8 $19) (29. gxh6 Rxh6 30. Rfg1 Rh7 $15) 29... Bd5
30. e6 Qb4+ 31. Kd1 Qb1+ 32. Ke2 Rxc2+ 33. Nxc2 Qxc2+ 34. Bd2 Qd3+ 35. Ke1 Qb1+
36. Kf2 (36. Ke2 Qd3+ 37. Ke1 $11) 36... e3+ 37. Kg3 Qe4 38. Bc3 Qg2+ 39. Kf4
Qe4+ $11) 29. Kd1 Bd5 $2 (29... Qa1+ 30. Ke2 Qa2 31. Qd7 Qd5 $13) 30. e6 $1
Qa1+ 31. Ke2 $1 (31. Kd2 Qc3+ 32. Ke2 $2 Bc4+ 33. Kf2 Rf8 $19) 31... Bc4+ 32.
Kf2 Qxf1+ (32... Bxf1 $2 33. Qf7+ Kh7 34. g6#) 33. Rxf1 Rf8 34. g6 $3 {[%mdl
1024] Phantastic exchange sacrifice, white will be winning due to complete
domination of his forces.} (34. Ra1 Rxf5+ 35. Nxf5 Bxe6 36. Ng3 Bf8 37. Rxa6
$16) 34... Rxf5+ (34... Bxf1 35. Kxf1 (35. Qf7+ $2 Rxf7+ 36. exf7+ Kf8 37. Kxf1
Ke7 $15) 35... Rxf5+ 36. Nxf5 $16) 35. Nxf5 Bxf1 36. Kxf1 Kf8 (36... h5 37. Bd4
Rh6 38. Nxh6+ gxh6 39. c4 $18) 37. Bd4 Rg8 (37... Ke8 38. Nxg7+ (38. Bxg7 Rg8
39. h5 Rxg7 40. Nxg7+ Ke7 41. Ke2 Bb2 42. Nf5+ Kxe6 43. Nxh6 a5 $1 $132) 38...
Kd8 39. Ke2 Rg8 40. h5 $18) 38. c4 Ke8 (38... a5 39. c5 Ke8 40. Ke2 a4 41. Ke3
$18) 39. Ke2 Rf8 40. Nxg7+ Ke7 41. Ke3 Rd8 (41... Rf1 42. Kxe4 Re1+ 43. Kd5 Rf1
44. c5 a5 45. c6 Bd6 46. c7 $1 Bxc7 47. Bc5+ Kf6 48. e7 $18) 42. Kxe4 {White
can count on no less than three passed pawns!} a5 (42... Rxd4+ 43. Kxd4 Bb2+
44. Kd5 Bxg7 45. c5 a5 46. c6 Kd8 47. Kc5 a4 48. Kb6 Be5 49. Kb7 Ke7 50. c7
Bxc7 51. g7 $18) 43. c5 a4 44. Ke5 Rg8 (44... Rxd4 45. Nf5+ $18) 45. Nf5+ Kd8
46. g7 (46. g7 Kc7 47. Kf6 $18) 1-0

[Event "Tilburg"]
[Site "Tilburg"]
[Date "1993.??.??"]
[Round "3"]
[White "Timman, Jan H"]
[Black "Beliavsky, Alexander G"]
[Result "0-1"]
[WhiteElo "2620"]
[BlackElo "2635"]
[Annotator "Ftacnik,L"]
[PlyCount "51"]
[EventDate "1993.11.??"]
[EventType "k.o."]
[EventRounds "7"]
[EventCountry "NED"]
[SourceTitle "CBM 039"]
[Source "ChessBase"]
[SourceDate "1994.04.01"]
[SourceVersion "1"]
[SourceVersionDate "1994.04.01"]
[SourceQuality "1"]

1. e4 c5 2. Nf3 d6 3. d4 cxd4 4. Nxd4 Nf6 5. Nc3 a6 6. Be3 e6 7. g4 h6 8. f3 b5
9. Qd2 Bb7 10. O-O-O Nbd7 11. h4 b4 12. Nce2 d5 13. exd5 Nxd5 14. Bf2 Be7 15.
Ng3 Nc5 (15... Bxh4 16. Rxh4 Qxh4 17. Ngf5 Qd8 18. Nxg7+ (18. Nd6+ Kf8 19. Nxb7
Qc7 $13) 18... Ke7 19. Bh4+ f6 (19... N7f6 20. Nh5 $40) 20. Ngxe6 $40) 16. Bc4
Qc7 (16... Bxh4 17. Rxh4 Qxh4 18. Bxd5 $1 Bxd5 (18... exd5 19. Ndf5 $18) 19.
Ne4 Qe7 20. Nxc5 Qxc5 21. Nxe6 Qc8 22. Nxg7+ Kf8 23. Nf5 $40) 17. Nh5 $2 (17.
Ngf5 $5 exf5 18. Nxf5 Rd8 $1 (18... Nb6 19. Bg3 Nxc4 20. Qe2) (18... O-O-O 19.
Bg3 Qd7 20. Bxd5 Bxd5 21. Qxd5) (18... Ne6 19. Bxd5 Rd8 20. Nxe7 Qxe7 21. Bxb7
Rxd2 22. Bc6+ Kf8 23. Rxd2 Qc7 24. Ba4 $44) 19. Bg3 (19. Nxg7+ Kf8) 19... Qd7
$13) 17... O-O-O 18. Bg3 (18. Nxg7 Nb6 19. Qe2 Nxc4 20. Qxc4 Bd5 21. Qe2 Qa5
$40) 18... Bd6 19. Bxd6 Rxd6 20. Nxg7 (20. Bxd5 Rxd5 21. Qxb4 e5 22. Nf5 Nd3+
$17) 20... Rhd8 21. Bb3 R6d7 {/\ Nf4} 22. Qxh6 Nf4 23. h5 Rxd4 24. Rxd4 Ne2+
25. Kb1 Nxd4 26. Rc1 0-1

[Event "CUB-ch"]
[Site "Las Tunas"]
[Date "2001.04.06"]
[Round "6"]
[White "Perez Garcia, Rodney Oscar"]
[Black "Leyva Proenza, Ricardo"]
[Result "1-0"]
[WhiteElo "2471"]
[BlackElo "2400"]
[Annotator "Ftacnik,L"]
[PlyCount "67"]
[EventDate "2001.04.01"]
[EventType "tourn"]
[EventRounds "16"]
[EventCountry "CUB"]
[EventCategory "9"]
[SourceTitle "CBM 083"]
[Source "ChessBase"]
[SourceDate "2001.07.05"]
[SourceVersion "1"]
[SourceVersionDate "2001.07.05"]
[SourceQuality "1"]

1. e4 c5 2. Nf3 e6 3. Nc3 d6 4. d4 cxd4 5. Nxd4 a6 6. Be3 Nf6 7. f3 b5 8. Qd2
Bb7 9. g4 h6 10. O-O-O Nbd7 11. h4 b4 12. Na4 Qa5 13. b3 Be7 (13... Nc5 14. a3)
14. Kb1 Rb8 {Black has avoided complicated and well analysed lines with 13...
Nc5 14.a3, but his last move is a bit slow. White is well prepared for an
attack so Leyva had to seek some counterplay.} (14... d5 15. Bh3 dxe4 16. g5
hxg5 17. hxg5 Nd5 18. g6 O-O-O 19. fxe4 Nc3+ 20. Nxc3 bxc3 21. Qe2 {1-0
Korneev,O-Herrera,I/Malaga/1999/ (27)}) (14... Nc5 15. Nxc5 dxc5 16. Ne2 Rd8 (
16... Qc7 17. Bg2 Nd7 18. g5 hxg5 19. hxg5 Rxh1 20. Rxh1 O-O-O 21. Qe1 {
1-0 Nijboer,F-Janssen,R/Rotterdam/2000/ (39)}) 17. Qc1 Nd7 (17... Rxd1 18. Qxd1
c4 19. Qd4 cxb3 20. cxb3 Nxe4 21. Bg2 Bf6 22. Qa7 Qb5 23. fxe4 Qd3+ 24. Kc1 O-O
{0-1 Von Bahr,O-Eriksson,J/Stockholm/2000/ (24)}) 18. Ng3 Ne5 19. Be2 Rxd1 20.
Qxd1 Qc7 21. Bf4 Bd6 {1/2-1/2 Kasparov,G-Van Wely,L/Internet/2000/ (38)}) 15.
Bh3 g5 (15... Nc5 16. g5 Nxa4 17. bxa4 Nd7 18. g6 Nf8 19. gxf7+ Kxf7 $13) 16.
Bg2 (16. hxg5 hxg5 17. Bxg5 $2 Nxe4 $1) 16... Rg8 17. hxg5 hxg5 18. Bf2 Ne5 (
18... d5 $2 19. Bg3 Rc8 20. e5 $18) 19. Bg3 Nfd7 20. Rh7 Qc7 21. Rdh1 Ng6 (
21... Qa5 22. Be1 d5 23. exd5 Bxd5 24. Bg3 $13) 22. Nxe6 $5 {[%mdl 64] Very
original tactical combination, that amounts to the piece sacrifice for the
three pawns.} fxe6 23. Rxe7+ Nxe7 (23... Kxe7 $2 24. Bxd6+ Qxd6 25. Rh7+ $18)
24. Bxd6 Qc6 (24... Qd8 25. Bxb8 Qxb8 26. Qxb4 Qc7 27. Rh7 Nc6 $13) 25. Rh7 Nc8
$6 (25... Ng6 26. Bxb8 Nxb8 27. Qxb4 (27. Qxg5 $5) 27... Nd7 $13) 26. Bxb8 Nxb8
27. Qxb4 Nd7 (27... Nd6 $2 28. Nc5 Bc8 29. Nxe6 Bxe6 30. Qxb8+ $18) 28. Bf1 Rf8
29. Bc4 Ba8 (29... Rxf3 30. Qa5 Qd6 31. Qxg5 Bxe4 (31... Qd1+ 32. Kb2 Qd4+ 33.
c3 Qd6 $11) 32. Qh5+ Kd8 33. Qa5+ Ke8 (33... Ndb6 34. Rh8+ Ke7 35. Qg5+ Rf6 36.
Nc3 $14) 34. Qh5+ $11) 30. Qa5 Rxf3 31. Qxg5 Qd6 {The defender is cleverly
building up counterplay with activity of his pieces.} (31... Bb7 32. Rh8+ Rf8
33. Rh6 $18) 32. Qg6+ (32. Qh5+ $5 Kd8 33. Qa5+ Ke8 34. Qxa6 $16) 32... Kd8 33.
Qxe6 Rf6 $2 (33... Qd1+ 34. Kb2 Nf8 35. Qg8 Qd4+ 36. Kb1 Ne7 37. Qh8 Qd1+ 38.
Kb2 Bxe4 39. Rh2 $11) 34. Rxd7+ 1-0

[Event "USA-ch"]
[Site "San Diego"]
[Date "2004.12.04"]
[Round "9"]
[White "Lugo, Blas"]
[Black "Novikov, Igor A"]
[Result "0-1"]
[WhiteElo "2399"]
[BlackElo "2588"]
[Annotator "Ftacnik,L"]
[PlyCount "104"]
[EventDate "2004.11.24"]
[EventType "swiss"]
[EventRounds "9"]
[EventCountry "USA"]
[SourceTitle "CBM 105"]
[Source "ChessBase"]
[SourceDate "2005.04.11"]
[SourceVersion "1"]
[SourceVersionDate "2005.04.11"]
[SourceQuality "1"]

1. e4 c5 2. Nf3 d6 3. d4 cxd4 4. Nxd4 Nf6 5. Nc3 a6 6. Be3 e6 7. f3 b5 8. g4 h6
9. Qd2 Nbd7 10. O-O-O Bb7 11. h4 b4 12. Na4 d5 13. Bh3 Qa5 14. b3 dxe4 15. g5
hxg5 16. hxg5 exf3 17. Nxe6 fxe6 18. Bxe6 Rxh1 19. Bxd7+ Kf7 20. Rxh1 Ne4 21.
Qd4 {[%mdl 4] The first independent move in a very sharp line of English
attack, position is probably in dynamical balance.} (21. g6+ Kxg6 22. Qh2 Kf7
23. Qf4+ Nf6 24. Nb6 Be4 25. Kb2 g5 26. Qc7 Ra7 27. Qc4+ Kg6 28. Bd4 Bg7 29.
Qe6 Rxd7 30. Nxd7 f2 31. Nf8+ {1-0 Lutz,C-Sammalvuo,T/Mallorca 2004/ (31)})
21... Qd5 22. Qxd5+ $6 (22. g6+ $5 Kxg6 23. Qb6+ Nf6 (23... Bd6 24. Rd1 Qe5 25.
Bd4 Qf4+ 26. Kb2 $13) 24. Rg1+ Kh7 25. Rh1+ Kg6 $11) 22... Bxd5 23. Nb6 Rd8 24.
Bg4 (24. Nxd5 Rxd7 25. Nb6 Rd8 26. Rf1 Kg6 27. Rxf3 Nc3 28. Bd2 Nxa2+ 29. Kd1
Nc3+ 30. Ke1 Ne4 $17) 24... Ng3 $2 (24... Nc3 $1 25. Rf1 Kg6 26. Nxd5 Rxd5 27.
Bxf3 Bc5 28. Bf4 Rd7 $15) 25. Rd1 $2 {Both players are finding it difficult to
play exact moves and the value of the position oscilates.} (25. Rh3 $1 Ne2+ 26.
Kb2 Be4 (26... Bd6 27. Nxd5 (27. Bxf3 Be5+ 28. Kb1 Nc3+ 29. Kc1 Nxa2+ 30. Kb1
Nc3+ 31. Kc1 Bxf3 32. Rxf3+ Kg6 $17) 27... Be5+ 28. Kb1 Rxd5 29. c4 bxc3 30.
Bxf3 Rd1+ 31. Kc2 Re1 32. Rh1 Rxh1 33. Bxh1 Nd4+ 34. Kd3 Nf5 35. Bd5+ Ke7 36.
Bc5+ $16) 27. Bxf3 Bxf3 28. Rxf3+ Kg6 29. Nc4 Re8 30. a3 bxa3+ 31. Nxa3 Bxa3+
32. Kxa3 Kh5 33. Bc5 Kxg5 34. Rf7 $14) 25... Ne2+ 26. Kb2 Nc3 27. Rf1 (27. Rd3
Be7 28. Nxd5 Rxd5 29. Bxf3 Ra5 30. Rd7 Ke8 31. Rb7 Rxa2+ 32. Kc1 $11) 27... Be4
28. Bxf3 Bxf3 29. Rxf3+ Kg6 30. Nc4 $2 {White is pawn up, but text move leads
to an inferior position.} (30. Bc1 $1 Bc5 31. Na4 Nxa4+ 32. bxa4 Rd1 33. c4
bxc3+ 34. Kc2 Rd5 35. Rxc3 Kh5 $11) 30... Nd1+ 31. Kc1 Nxe3 32. Rxe3 (32. Nxe3
Kxg5 $15) (32. Ne5+ Kxg5 33. Nf7+ Kg4 34. Ne5+ Kh5 35. Rxe3 Re8 $15) 32... Kxg5
33. Re6 (33. c3 bxc3 34. Rxc3 Kf4 35. Re3 g5 36. Re6 g4 37. Rxa6 g3 $17) 33...
Kf5 34. Rxa6 Be7 $6 (34... g5 $5 35. a3 $140 bxa3 36. c3 Ke4 37. Kc2 g4 38. b4
g3 39. Rxa3 g2 $19) 35. c3 (35. Ra5+ $1 Kf4 (35... Ke6 36. c3 bxc3 37. Re5+ Kd7
38. Kc2 $11) 36. Ne5 Bd6 37. Nd3+) 35... bxc3 36. Ne3+ $2 {The last huge
mistake, Lugo is just improving the location of black pieces.} (36. Kc2 g5 37.
Kxc3 g4 38. Ne3+ Kf4 39. Nxg4 $11) 36... Kf4 37. Kc2 Bf6 38. Nc4 (38. Nd1 Rd2+
39. Kc1 Rh2 40. Rc6 Ke4 41. Nxc3+ Kd3 $19) 38... Rh8 39. Rxf6+ (39. b4 Rh2+ 40.
Kb3 c2 $19) 39... gxf6 40. Kxc3 f5 41. a4 Rc8 {Novikov must be winning, since
the rook can significantly slow down advance of white pawns.} 42. a5 Ke4 43.
Kd2 Rb8 44. Ke2 (44. Nb6 f4 45. Ke2 f3+ 46. Kf2 Rh8 47. a6 Rh2+ 48. Ke1 Ra2 49.
Na4 f2+ 50. Kf1 Kf3 $19) 44... f4 45. Kf2 Rd8 46. Ke2 (46. a6 Ra8 $19) 46...
f3+ 47. Kf2 Kf4 48. a6 Re8 49. a7 Re2+ 50. Kf1 Ra2 51. Nb6 Rxa7 52. Nd5+ Kg3
0-1

[Event "Bundesliga 0506"]
[Site "Germany"]
[Date "2005.11.13"]
[Round "4.2"]
[White "Kritz, Leonid"]
[Black "Maksimenko, Andrei"]
[Result "1/2-1/2"]
[WhiteElo "2545"]
[BlackElo "2505"]
[Annotator "Ftacnik,L"]
[PlyCount "83"]
[EventDate "2005.10.21"]
[EventType "team-tourn"]
[EventRounds "15"]
[EventCountry "GER"]
[SourceTitle "CBM 110"]
[Source "ChessBase"]
[SourceDate "2006.01.31"]
[SourceVersion "1"]
[SourceVersionDate "2006.01.31"]
[SourceQuality "1"]
[WhiteTeam "Katernberg"]
[BlackTeam "Zehlendorf"]
[WhiteTeamCountry "GER"]
[BlackTeamCountry "GER"]

1. e4 c5 2. Nf3 d6 3. d4 cxd4 4. Nxd4 Nf6 5. Nc3 a6 6. f3 e6 7. Be3 b5 8. Qd2
Nbd7 9. g4 Nb6 10. a4 Nc4 11. Bxc4 bxc4 12. a5 Qc7 13. Na4 Nd7 14. Ne2 {
White controls dark squares on the queenside, but the absence of light squared
bishop is unfortunate and enables the second player to start counterplay.} (14.
Nb6 Rb8 15. Ne2 Be7 16. Qc3 O-O 17. Qxc4 Qb7 18. O-O Bd8 19. Nxc8 Ne5 20. Qa4
Qxc8 21. Bd4 Rb5 {1/2-1/2 Fluvia Poyatos,J-Kalod,R /Badalona 2005/ (31)}) (14.
O-O-O Rb8 15. h4 Bb7 16. Nb6 Be7 17. g5 Nxb6 18. axb6 Qd7 19. Qa5 O-O 20. h5
Rbc8 21. Qc3 f6 22. Rhg1 {1-0 Hermansson,E-Kongsted,H /Copenhagen 2005/ (54)})
14... Be7 15. O-O-O O-O 16. g5 (16. Nb6 Nxb6 17. axb6 Qc6 18. h4 a5 19. h5 a4
$13) 16... Bb7 (16... Qc6 17. Nec3 Rb8 18. h4 $14) 17. Nb6 (17. h4 Ne5 18. Rhf1
Rae8 (18... d5 19. Bb6 Qc6 20. Nac3 dxe4 21. fxe4 Bc5 22. Qf4 $14) 19. Nb6 f5
20. gxf6 Rxf6 $11) 17... Nxb6 (17... Rad8 18. Bd4 (18. h4 Ne5 19. Nd4 d5 $132)
18... Qc6 19. Nc3 Ne5 20. Rhf1 $13) 18. Bxb6 (18. axb6 Qc6 19. h4 a5 $132)
18... Qd7 (18... Qc6 19. h4 f5 20. Nc3 fxe4 21. fxe4 Rf3 $11) 19. h4 f5 $1 {
[%mdl 32] The advance f7-f5 is not a new quest in Be3 sicilian, but in this
position white has no piece to match b7 bishop.} 20. Qd4 (20. gxf6 $6 Rxf6 21.
Qe3 Raf8 22. f4 Qc6 23. e5 dxe5 24. fxe5 Rf3 25. Nd4 Rxe3 26. Nxc6 Bxc6 27.
Bxe3 Bxh1 28. Rxh1 Rf5 $17) 20... fxe4 21. fxe4 Qc6 22. Nc3 (22. e5 Rf5 23.
exd6 Bxd6 24. Rhf1 $11) 22... Rf4 23. Qe3 (23. Rdg1 Raf8 24. h5 Rxe4 25. Nxe4
Qxe4 26. Qxe4 Bxe4 27. Rh2 Rf5 28. g6 h6 $15) 23... Raf8 24. Qh3 Qc8 (24...
Rxe4 25. Nxe4 Qxe4 26. Rhe1 Qf4+ 27. Kb1 Bc8 28. Rd4 Qf2 29. Qc3 $18) 25. Rhf1
Rxf1 26. Rxf1 Rxf1+ 27. Qxf1 g6 {Maksimenko has equalized quite comfortably,
but Kritz is still hoping to get better chances.} (27... d5 $5 28. Qf4 dxe4 29.
Nxe4 Qc6 30. Qb8+ Kf7 31. Qf4+ Kg8 $11 (31... Kg6 $2 32. Ng3 h5 33. gxh6 Qf3
34. Qc7 $14)) 28. Kb1 Bf8 29. Bd4 e5 30. Bb6 Qe6 31. Bd8 $5 (31. Qd1 Qf7 32.
Bd8 Qf2 33. Qg4 Qf1+ 34. Ka2 Qf7 35. Bf6 h5 36. Qg1 $14) 31... d5 32. exd5 Bxd5
33. Nxd5 (33. Qd1 Bb7 34. Bf6 h5 35. Qd8 $14) 33... Qxd5 34. Bf6 Bb4 $2 (34...
e4 35. Qh3 Qd1+ 36. Ka2 Qd5 37. Bc3 Qc6 $11) 35. Qh3 $2 {Both players have
missed the important tactics with winning e5 pawn, which would have opened
files for the kingside attack.} (35. Bxe5 $1 Qe6 36. Qf4 Bxa5 37. Bd6 Qf7 38.
Qe4 $16) 35... Kf7 36. Qc8 Bxa5 37. Qh8 Qd1+ 38. Ka2 Qxc2 $1 39. Qxh7+ Ke6 40.
Qe7+ Kf5 41. Qxe5+ Kg4 42. Qxa5 (42. Qxa5 Qb3+ 43. Kb1 Qd1+ $11) 1/2-1/2

[Event "New York Mayor's Cup"]
[Site "New York"]
[Date "2001.06.22"]
[Round "5"]
[White "Simutowe, Amon"]
[Black "Novikov, Igor A"]
[Result "0-1"]
[WhiteElo "2470"]
[BlackElo "2596"]
[Annotator "Ftacnik,L"]
[PlyCount "76"]
[EventDate "2001.06.18"]
[EventType "tourn"]
[EventRounds "9"]
[EventCountry "USA"]
[EventCategory "10"]
[SourceTitle "CBM 084"]
[Source "ChessBase"]
[SourceDate "2001.09.13"]
[SourceVersion "1"]
[SourceVersionDate "2001.09.13"]
[SourceQuality "1"]

1. e4 c5 2. Nf3 d6 3. d4 cxd4 4. Nxd4 Nf6 5. Nc3 a6 6. f3 e6 7. Be3 b5 8. Qd2
Nbd7 9. g4 Nb6 10. Bd3 Nfd7 11. Qf2 Bb7 12. O-O-O Rc8 13. Nce2 Nc5 14. Kb1 Qc7
(14... d5 15. e5 Qc7 16. f4 b4 17. f5 Qxe5 18. g5 Qc7 19. fxe6 fxe6 20. g6 Nc4
21. gxh7 {1-0 Dochev,D-Nutiu,H/Singapore/1990/ (32)}) (14... Nba4 15. b3 (15.
h4 Qc7 (15... Be7 16. g5 (16. Ng3 Qc7 17. Bc1 Qb6 18. Nb3 Nxd3 19. Qxb6 Nxb6
20. cxd3 Kd7 {1/2-1/2 Nakamura,H-Shahade,G/New York/2001/ (54)}) 16... Qc7 17.
Rd2 O-O 18. h5 f6 19. g6 h6 20. Bxh6 gxh6 21. Qe3 f5 {0-1 Teran Alvarez,
I-Herrera,I/Santa Clara 2001/ 343 (40)}) 16. Rc1 (16. b3 e5 17. bxa4 exd4 18.
Bxd4 Nxd3 19. cxd3 Qc2+ 20. Ka1 b4 21. Nf4 {1-0 Gonzalez,Y-Herrera,I/Havana/
2001/ (48)}) 16... d5 17. e5 Qxe5 18. f4 Qd6 19. g5 Be7 20. h5 f5 21. Nf3 Ne4 {
0-1 Grischuk,A-Kasparov,G/Cannes/2001/ (39)}) 15... Nxd3 16. cxd3 Nc5 17. Ng3
b4 (17... Be7 18. Qb2 b4 19. Nh5 Rg8 20. Ne2 g6 21. Nhf4 a5 {0-1 Polgar,
J-Kasparov,G/Cannes/2001/ (50)}) 18. Nc2 a5 19. d4 Nd7 20. d5 e5 21. Rc1 Ba6
22. h4 g6 23. h5 Nc5 24. hxg6 {1/2-1/2 Movsesian,S-Nielsen,P/GER/2001/ (24)})
15. g5 Nba4 16. Bc1 g6 17. Ng3 (17. Qe3 e5 (17... Bg7 $2 18. Bxb5+ axb5 19.
Nxb5 Qb6 20. Nxd6+ Ke7 21. Nxc8+ Rxc8 22. Nd4 $14) 18. Nb3 Nxb3 19. axb3 Nc5
$15) 17... Bg7 18. h4 (18. Bxb5+ $2 axb5 19. Nxb5 Qb6 20. Nxd6+ Ke7 21. Nxc8+
Rxc8 22. c4 Nc3+ $19) 18... d5 $1 {The praxis has proved the soundness of
black's set up, white has serious problems to get any attack. On the contrary
black forces are neatly combining defense with aggression.} 19. h5 (19. exd5
Nxd3 20. Rxd3 Bxd5 21. h5 Qc4 $15) 19... O-O 20. exd5 Nxd3 21. Rxd3 Bxd5 22.
Ne4 $6 (22. Nb3 Bc4 23. Re3 Nb6 24. Qh2 Rfd8 $15) 22... Bxe4 $1 23. fxe4 Nc5
24. Rdh3 (24. hxg6 Nxd3 25. gxh7+ Kh8 26. cxd3 Qd6 27. e5 (27. Be3 e5 28. Nf5
Qxd3+ 29. Ka1 Qxe4 $17) 27... Bxe5 28. Be3 f5 29. gxf6 Bxf6 $17) (24. Rdd1 Nxe4
25. Qh4 Bxd4 26. Qxe4 Bg7 $17) 24... Nxe4 (24... Rfd8 25. c3 Bxd4 26. cxd4 Nxe4
27. Qg2 Rxd4 28. hxg6 fxg6 29. Rxh7 Qxh7 30. Rxh7 Rd1 31. Rh8+ Kxh8 32. Qh3+
Kg7 33. Qh6+ Kf7 34. Qh7+ Ke8 $19) 25. Qg2 (25. Qh4 Rfd8 26. Qxe4 Rxd4 27. Qe2
Qe5 $17) 25... Bxd4 26. Qxe4 Qc6 {[%mdl 256] Novikov benefits from the fact,
that basic rank mate greatly reduces the strenth of white's kingside attack.}
27. Qd3 (27. Qxd4 $2 Qxc2+ 28. Ka1 Qxc1+ 29. Rxc1 Rxc1#) (27. Qxc6 Rxc6 28.
hxg6 hxg6 $17) (27. Qe2 Rfd8 28. hxg6 hxg6 29. Qh2 Kf8 30. Rh8+ Ke7 31. Rxd8
Rxd8 32. Rf1 Rd5 $17) 27... Rfd8 28. hxg6 hxg6 29. Qe2 (29. Qxd4 $2 Qxc2+ (
29... Rxd4 $2 30. Rh8+ Kg7 31. R1h7#) 30. Ka1 Qxc1+ $19) 29... Kf8 30. b3 $6 (
30. c3 Bg7 31. Rh7 Qc5 32. Ka1 Qe5 $17) 30... Ke8 31. Rf1 Rd5 32. Ba3 (32. Rh7
$2 Qc3 $19) (32. Rhf3 Rf5 33. Rxf5 Qc3 $1 $19) 32... Rxg5 33. Rh7 Rf5 34. Rd1 (
34. Rxf5 gxf5 $19) 34... Qc3 35. Rxd4 (35. Kc1 Rf3 36. Rxd4 Qa1+ 37. Kd2 Qxd4+
$19) 35... Qxd4 36. Bb2 Qf2 37. Rh8+ (37. Qe4 Qf3 $19) 37... Kd7 38. Qd3+ Rd5
0-1

[Event "Athens Acropolis"]
[Site "Athens"]
[Date "2003.09.02"]
[Round "9"]
[White "Parligras, Mircea Emilian"]
[Black "Vouldis, Angelos"]
[Result "1-0"]
[WhiteElo "2525"]
[BlackElo "2539"]
[Annotator "Ftacnik,L"]
[PlyCount "59"]
[EventDate "2003.08.25"]
[EventType "tourn"]
[EventRounds "9"]
[EventCountry "GRE"]
[EventCategory "12"]
[SourceTitle "CBM 097"]
[Source "ChessBase"]
[SourceDate "2003.11.11"]
[SourceVersion "1"]
[SourceVersionDate "2003.11.11"]
[SourceQuality "1"]

1. e4 c5 2. Nf3 d6 3. d4 cxd4 4. Nxd4 Nf6 5. Nc3 a6 6. f3 e6 7. Be3 Be7 8. Qd2
Nc6 9. O-O-O O-O 10. g4 Nxd4 11. Qxd4 b5 12. h4 Rb8 13. Kb1 b4 14. Ne2 a5 {
Black is doing his best to promote his cause of queenside counterplay, since
white's attack is rather swift.} 15. h5 Nd7 16. Qd2 Ba6 (16... Ne5 17. Nd4 Qc7
18. g5 $14) 17. Nd4 Qc8 (17... Bxf1 $2 18. Nc6 Qe8 19. Nxb8 $18) 18. Bxa6 Qxa6
19. g5 b3 (19... a4 20. g6 $1 b3 21. gxh7+ Kxh7 22. cxb3 axb3 23. Nxb3 Ra8 24.
Nc1 $16) 20. cxb3 a4 21. b4 (21. g6 $5) 21... Ne5 22. a3 d5 $2 {Vouldis is
using extreme meassures, since white's pawn shield is hard to crack. In the
end it will only help white to exert more pressure on the kingside.} (22... Qb7
23. Qe2 Rfc8 24. Rc1 $14) 23. exd5 Nc4 (23... exd5 24. Nf5 Rfe8 25. Qxd5 $18)
24. Qc3 Rbc8 25. h6 e5 (25... gxh6 26. Qd3 $18) (25... Rfe8 26. Nc6 f6 27. Qd3
g6 28. Rh4 $18) 26. Nc6 Rfe8 (26... Rxc6 27. dxc6 Qxc6 28. hxg7 Kxg7 29. Rh3
$18) 27. hxg7 e4 (27... f5 28. Rh6 Nxe3 29. Qxe3 Qb7 30. g6 $18) 28. Rxh7 $1 {
[%mdl 128] Small, but fine mating combination.} Kxh7 29. Rh1+ Kg6 (29... Kg8
30. Rh8#) 30. g8=Q+ 1-0